Statistics for FNAF Movie Featured Animatronics

Click here to take the quiz!

General Stats

  • This quiz has been taken 334 times
    (243 since last reset)
  • The average score is 8 of 12

Answer Stats

GameAnswer% Correct
FNAF 1Chica/ Cupcake
98%
FNAF 1Foxy
98%
FNAF 1Freddy
98%
FNAF 1Bonnie
97%
FNAF 1Golden Freddy
88%
FNAF 3Springtrap
87%
FNAF 2Balloon Boy
72%
HoaxSparky
54%
FNAF 1Endo Skeleton
49%
FNAF 2Shadow Freddy
49%
BooksElla the Doll
32%
Movie exclusiveTorture Freddy
11%

Score Distribution

Percentile by Number Answered

Percent of People with Each Score

Your Score History

You have not taken this quiz since the last reset